000 00401nam a22001697a 4500
003 MPLRDC
005 20220104123454.0
008 210129b ||||| |||| 00| 0 eng d
082 _a424.2 HTJ
100 _a户田净
245 _a化妆小常识
_c
260 _a
_b龙和出版有限公司
_c1986
300 _b
490 _a实用家庭丛书
650 _a化妆
942 _cBK
_o424.2 HTJ
999 _c11695
_d11685